000 00938nam0a22002771 4500
001 v19\rc\1737195
005 20061204151303.2
035 _a(NLR Aleph) 004845924
090 _a4871096
_c4871096
100 _a20061204d1902 |||y0rusy50 ca
101 0 _arus
102 _aRU
105 _aa g |||||
200 1 _aСтроительная справочная книга
_eЦены материалов и работ г. Одессы на 1901 г. Год 1
_fСост. инж.-строитель Г.Л. Шехтман
205 _a2-е изд.
210 _aОдесса
_cЕ.К. Дружинин
_d1902
215 _aXVI, 352 с.
_cил.
_d25
700 1 _aШехтман
_bГ. Л.
_gГригорий Лазаревич
_4220
801 0 _aRU
_bNLR
_gpsbo
801 0 _aRU
_bRuMoRGB
_2psbo
801 1 _aRU
_bProSoft-M
_2rusmarc
852 _aNLR
_j34.7.1.97
899 _aRuMoRGB
_jF 84/810
899 _aБАН
942 _cBOOK
980 _aNB